معجم التعابير العصرية (عربي-فارسي)= فرهنگ اصطلاحات معاصر (عربي-فارسي) ;; Muʻjam al-taʻābīr al-ʻaṣrīyah (ʻArabī-Fārisī) = Farhang-i iṣṭalāḥāt-i muʻāṣir (ʻArabī-Fārsī) == Dictionary of Modern Expressions (Arabic-Persian)_/ (Record no. 78780)
[ view plain ]
| 000 -LEADER | |
|---|---|
| fixed length control field | 01404nam a2200277 a 4500 |
| 001 - CONTROL NUMBER | |
| control field | 78780 |
| 003 - CONTROL NUMBER IDENTIFIER | |
| rucl marc code | BD-RjUL |
| 005 - DATE AND TIME OF LATEST TRANSACTION | |
| control field | 20220108103435.0 |
| 008 - FIXED-LENGTH DATA ELEMENTS--GENERAL INFORMATION | |
| fixed length control field | 220107s19971418ua ||||| |||| 00| e per d |
| 035 ## - SYSTEM CONTROL NUMBER | |
| System control number | (BD-RjUL) |
| 040 ## - CATALOGING SOURCE | |
| Original cataloging agency | BD-RjUL |
| Language of cataloging | eng |
| Transcribing agency | BD-RjUL |
| 041 ## - LANGUAGE CODE | |
| Language code of text/sound track or separate title | per |
| 082 ## - DEWEY DECIMAL CLASSIFICATION NUMBER | |
| Edition number | 23 |
| Classification number | 491.553927 |
| Author mark and year | SAM 1999 |
| 100 1# - MAIN ENTRY--PERSONAL NAME | |
| Personal name | ماجدي، صالح. اعداد ;; Majedi, Saleh |
| 9 (RLIN) | 249971 |
| 245 10 - TITLE STATEMENT | |
| Title | معجم التعابير العصرية (عربي-فارسي)= فرهنگ اصطلاحات معاصر (عربي-فارسي) ;; Muʻjam al-taʻābīr al-ʻaṣrīyah (ʻArabī-Fārisī) = Farhang-i iṣṭalāḥāt-i muʻāṣir (ʻArabī-Fārsī) == Dictionary of Modern Expressions (Arabic-Persian)_/ |
| Statement of responsibility, etc. | صالح ماجدي. ; Saleh Majedi |
| 250 ## - EDITION STATEMENT | |
| Remainder of edition statement | إ |
| 260 ## - PUBLICATION, DISTRIBUTION, ETC. (IMPRINT) | |
| Place of publication, distribution, etc. | إسيسكو، ;; al-Riyāḍ : Īsīskū, : |
| Name of publisher, distributor, etc. | إسيسكو، ;; Īsīskū, , |
| Date of publication, distribution, etc. | 1997 |
| 300 ## - PHYSICAL DESCRIPTION | |
| Pagination | 471 p. ; |
| Size | 24 cm |
| 650 ## - SUBJECT ADDED ENTRY--TOPICAL TERM | |
| Topical term or geographic name as entry element | Arabic language |
| 9 (RLIN) | 249972 |
| Form subdivision | Idioms |
| General subdivision | Dictionaries -- Persian. |
| Topical term or geographic name as entry element | Arabic language -- Idioms. |
| 9 (RLIN) | 567 |
| Form subdivision | Arabic language -- Terms and phrases |
| General subdivision | Dictionaries -- Persian. |
| 9 (RLIN) | 568 |
| Topical term or geographic name as entry element | سرگذشتنامه,نویسندگان بنگالی ;; Sargdashtannameh, Nowsandgan |
| 9 (RLIN) | 249973 |
| Topical term or geographic name as entry element | - فارسی زبان ;; Zaban Farsi |
| 9 (RLIN) | 246756 |
| Form subdivision | Arabic language -- Terms and phrases -- Dictionaries -- Persian. |
| 9 (RLIN) | 569 |
| 942 ## - ADDED ENTRY ELEMENTS (KOHA) | |
| Source of classification or shelving scheme | Dewey Decimal Classification |
| Koha item type | Reference |
| Lost status | Source of classification or shelving scheme | Damaged status | Not for loan | Collection code | Permanent Location | Current Location | Shelving location | Date acquired | Source of acquisition | Full call number | Date last seen | Copy number | Koha item type |
|---|---|---|---|---|---|---|---|---|---|---|---|---|---|
| Dewey Decimal Classification | Not For Loan | Reference | Central Library, University of Rajshahi | Central Library, University of Rajshahi | Reference | 09/05/1998 | ISESSCO | FR 491.553927 SAM 1999 | 08/01/2022 | C-1 | Books |